|
|
|
|
| LEADER |
00856nam a2200193 a 4500 |
| 008 |
091221s1993 bg a b 001 0 eng d |
| 020 |
|
|
|a 0070313806
|
| 040 |
|
|
|a DLC
|c DLC
|d DLC
|d BD-DhAAL
|
| 082 |
0 |
0 |
|a 305.23/095492
|2 18
|
| 245 |
1 |
0 |
|a Girl Child in the family and society :
|b a study on the girl child in Dhaka Urbanand Rural Areas of World vision of Bangladesh /
|c Report prepared by Mahmuda Islam and Shaheen Ahmed.
|
| 260 |
|
|
|a Dhaka :
|b World Vision of Bangladesh,
|c 1993.
|
| 300 |
|
|
|a 95 p. :
|c 22 cm.
|
| 541 |
1 |
|
|e 00006450
|
| 650 |
|
0 |
|a Girls
|z Bangladesh
|x Social conditions.
|
| 700 |
1 |
|
|a Islam, Mahmuda.
|
| 700 |
1 |
|
|a Ahmed,Shaheen.
|
| 852 |
4 |
|
|a Ayesha Abed Library
|j General shelf
|
| 999 |
|
|
|c 7023
|d 7023
|
| 952 |
|
|
|0 0
|1 0
|2 ddc
|4 0
|6 305_230954920000000_GIR_1993
|7 0
|9 7277
|a BRACUL
|b BRACUL
|c GEN
|d 2010-01-17
|l 0
|o 305.23095492 GIR
|p 3010006450
|r 2010-01-17
|t 1
|w 2010-01-17
|y BK
|